000
00320cam a2200133ua 4500
999
_c
14792
_d
14792
020
_a
8180140563
082
_a
551.48
_b
SUR/WA
100
_a
Suresh, R .
_9
255
245
_a
Watershed hydrology /
250
_a
2
260
_a
New Delhi :
_b
Standard publishers Distributors ,
_c
2005
300
_a
692p ; .
942
_c
BK